Loading...
| Literature - British | 0 | 7 | 0 | 0 | 70 | 23 | 44.43 | 6 | 7 | 0.00 | 0.00 |
| Painting/Sculpture | 0 | 7 | 0 | 0 | 70 | 50 | 68.14 | 2 | 5 | 0.00 | 0.00 |
| Literature - American | 0 | 6 | 0 | 0 | 60 | 21 | 49.33 | 3 | 6 | 0.00 | 0.00 |
| Literature - European | 0 | 6 | 2 | 0 | 50 | 43 | 61.00 | 2 | 6 | 0.00 | 0.00 |
| Science - Chemistry | 0 | 6 | 2 | 1 | 50 | 21 | 57.50 | 2 | 4 | 0.00 | 0.00 |
| Religion | 0 | 4 | 0 | 0 | 40 | 46 | 55.25 | 1 | 4 | 0.00 | 0.00 |
| Fine Arts - Other | 0 | 4 | 1 | 1 | 35 | 27 | 77.75 | 1 | 2 | 0.00 | 0.00 |
| Literature - World | 0 | 4 | 1 | 0 | 35 | 41 | 55.50 | 1 | 4 | 0.00 | 0.00 |
| History - Other | 0 | 3 | 0 | 0 | 30 | 69 | 78.00 | 1 | 1 | 0.00 | 0.00 |
| Science - Biology | 0 | 4 | 2 | 0 | 30 | 29 | 40.00 | 1 | 4 | 0.00 | 0.00 |
| Current Events | 0 | 2 | 0 | 1 | 20 | 56 | 81.00 | 0 | 1 | 0.00 | 0.00 |
| History - American | 0 | 2 | 0 | 0 | 20 | 21 | 37.00 | 1 | 1 | 0.00 | 0.00 |
| History - World | 0 | 2 | 0 | 0 | 20 | 47 | 55.00 | 2 | 2 | 0.00 | 0.00 |
| Science - Physics | 0 | 1 | 0 | 0 | 10 | 62 | 62.00 | 0 | 1 | 0.00 | 0.00 |
| Pop Culture | 0 | 1 | 0 | 0 | 10 | 37 | 37.00 | 0 | 0 | 0.00 | 0.00 |
| History - European | 0 | 1 | 0 | 0 | 10 | 93 | 93.00 | 0 | 0 | 0.00 | 0.00 |
| Social Science | 0 | 1 | 0 | 0 | 10 | 31 | 31.00 | 0 | 1 | 0.00 | 0.00 |
| Fine Arts - Classical Music | 0 | 1 | 0 | 0 | 10 | 84 | 84.00 | 0 | 1 | 0.00 | 0.00 |
| Geography | 0 | 1 | 1 | 0 | 5 | 99 | 99.00 | 0 | 0 | 0.00 | 0.00 |
| Mythology | 0 | 1 | 2 | 0 | 0 | 92 | 92.00 | 0 | 0 | 0.00 | 0.00 |